000 00294 a2200145 4500
001 165616
020 _a
040 _cMagnum
100 _aGeraldi, Joao Wanderley
240 1 0 _aPortos de passagem
_lpor
245 1 0 _aPortos de passagem
362 0 _a1899
697 _aGERAL
942 _cBK
999 _c165616
_d165616